000 00529nam a2200145Ia 4500
008 220216s9999 xx 000 0 und d
100 _aGanguly S
245 0 _aNew concept of reinforcement by carbon black by modifying its surface chemistry
260 _bInternational Conference and Exhibition on Rubber and Allied Materials Asia Rub Tech Expo 2002. 28-30 November 2002, New Delhi. pp.197-201.
650 _aCarbon black
650 _aSurface chemistry
700 _aChakraborty S
700 _aMajumdar S Pal
942 _cJS
999 _c63768
_d63768